Click the 13 Colonies - Statistics

General Stats
  • This quiz has been taken 189 times
  • The average score is 11 of 13
Answers on the Map
Answers color-coded by a green-red scale on the quiz's map according to % correct below.
 
Answer Stats
Answer % Correct
Georgia
87%
New York
87%
North Carolina
86%
New Hampshire
85%
Pennsylvania
85%
Rhode Island
85%
South Carolina
84%
Virginia
81%
Maryland
79%
Massachusetts
79%
Connecticut
78%
New Jersey
77%
Delaware
73%
No matching quizzes found
Score Distribution
Percent of People with Each Score
Percentile by Number Answered
Your Score History
You have not taken this quiz